La legislación canónica y los delitos de falsedad

Saved in:
Bibliographic Details
Main Author: Finzi, Marcelo (Author)
Format: Book
Language:Spanish
Published: Buenos Aires Depalma 1945
Edition:1a. ed
Subjects:
Tags: Add Tag
No Tags, Be the first to tag this record!

MARC

LEADER 00000cam a2200000 a 4500
001 UCC4445
003 CL-VaPUC
008 180803e19450000ag |||||||||||||||||spa|d
082 0 4 |a 262.9  |b FIN  |2 21 
100 0 |a Finzi, Marcelo  |e author  |9 598722 
245 1 3 |a La legislación canónica y los delitos de falsedad 
250 |a 1a. ed 
300 |a 62 p 
942 |c BK 
945 |d 20180803 12:44:00  |a dcastane 
260 |a Buenos Aires  |b Depalma  |c 1945 
650 7 |a DERECHO CANONICO  |2 CL-VaPUC  |9 598723 
650 0 |a Derecho eclesiástico  |9 255055 
583 |a last modification  |c 20180803 12:44:00  |k Rodrigo Vera 
999 |c 371997  |d 371995 
952 |0 0  |1 0  |3 erb  |4 0  |6 262_900000000000000_FIN_1945  |7 0  |8 P  |9 489217  |a BIBDER  |b BIBDER  |e Mateluna Arestizabal, Alfredo Sergio  |i 5484901  |o 262.9 FIN 1945  |p 5484901  |r 2023-01-25  |w 2019-11-24  |y BK  |z Catalogado en:20180803  |k DER